000 00319 a2200145 4500
001 164236
020 _a
040 _cMagnum
100 _a-
240 1 0 _aArvorella: a arvore das 4 estacoes
_lpor
245 1 0 _aArvorella: a arvore das 4 estacoes
362 0 _a1899
697 _aI/AVENTURA, CRIANCAS
942 _cBK
999 _c164236
_d164236